Course in workshop technology vol-2 / (Record no. 10171)
[ view plain ]
| 000 -LEADER | |
|---|---|
| fixed length control field | 00461cam a2200181ua 4500 |
| 041 ## - LANGUAGE CODE | |
| Language code of text/sound track or separate title | eng |
| 082 ## - DEWEY DECIMAL CLASSIFICATION NUMBER | |
| Classification number | 621.9 |
| Item number | RAG/CO |
| 100 ## - MAIN ENTRY--AUTHOR NAME | |
| Personal name | Raghuvanshi, B S . |
| 245 ## - TITLE STATEMENT | |
| Title | Course in workshop technology vol-2 / |
| 260 ## - PUBLICATION, DISTRIBUTION, ETC. (IMPRINT) | |
| Place of publication | Delhi : |
| Name of publisher | Dhanpath Rai and sons , |
| Year of publication | 1995. |
| 300 ## - PHYSICAL DESCRIPTION | |
| Number of Pages | 548 ; . |
| 500 ## - GENERAL NOTE | |
| General note | ** Reference |
| 942 ## - ADDED ENTRY ELEMENTS (KOHA) | |
| Koha item type | Books |
| Withdrawn status | Lost status | Damaged status | Home library | Current library | Date acquired | Full call number | Accession Number | Koha item type |
|---|---|---|---|---|---|---|---|---|
| KAUAET | KAUAET | 07/04/2012 | 621.9 | 18718 | Reference |
